Architektura 20. století

Saved in:
Bibliographic Details
Main Author: Haas, Felix (Author)
Other Authors: Benešová, Marie (Reviewer), Hadlač, Jiří (Reviewer)
Format: Book
Language:Czech
Published: Praha : Státní pedagogické nakladatelství, 1983
Edition:3. vydanie
Series:Učebnice pro vysoké školy
Subjects:
Tags: Add Tag
No Tags, Be the first to tag this record!

MARC

LEADER 00000nam a22000003a 4500
001 stu139051
005 20230725152647.1
008 070320s1983----xr------------------cze-d
040 |a STU  |b slo 
041 0 |a cze 
044 |a xr 
100 1 |a Haas, Felix  |4 aut 
245 1 |a Architektura 20. století 
250 |a 3. vydanie 
260 |a Praha :  |b Státní pedagogické nakladatelství,  |c 1983 
300 |a 645 s. 
490 0 |a Učebnice pro vysoké školy 
650 7 |a architektúra svetová  |2 stusub 
650 7 |a 19. storočie 
650 7 |a secesia 
650 7 |a historizmus 
650 7 |a architekti 
650 7 |a 20. storočie 
650 7 |a expresionizmus 
650 7 |a moderna 
650 7 |a funkcionalizmus 
650 7 |a architektúra organická 
650 7 |a kybernetika 
700 1 |a Benešová, Marie  |4 rev 
700 1 |a Hadlač, Jiří  |4 rev 
996 |b 284AU09819  |c A* 13180/U  |l AAKNAR  |s A  |a 24  |w stu139051_0002